Exploring requirements : quality before design (Record no. 182533)

MARC details
000 -LEADER
fixed length control field 00450nam a2200157Ia 4500
005 - DATE AND TIME OF LATEST TRANSACTION
control field 20250429105433.0
008 - FIXED-LENGTH DATA ELEMENTS--GENERAL INFORMATION
fixed length control field 231217s9999 xx 000 0 und d
020 ## - INTERNATIONAL STANDARD BOOK NUMBER
International Standard Book Number 9780932633132
082 ## - DEWEY DECIMAL CLASSIFICATION NUMBER
Classification number 745.2 GAU;1 R
100 ## - MAIN ENTRY--PERSONAL NAME
Personal name Gause, Donald C. Weinberg, Gerald M.
245 #0 - TITLE STATEMENT
Title Exploring requirements : quality before design
260 ## - PUBLICATION, DISTRIBUTION, ETC. (IMPRINT)
Date of publication, distribution, etc. 1989
Name of publisher, distributor, etc. Dosset House
Place of publication, distribution, etc. New York
300 ## - PHYSICAL DESCRIPTION
Extent xvi+297
650 ## - SUBJECT ADDED ENTRY--TOPICAL TERM
Topical term or geographic name as entry element requirements,:Quality,before
942 ## - ADDED ENTRY ELEMENTS (KOHA)
Koha item type Books
Holdings
Date last seen Total Checkouts Full call number Accession number Old discount Price effective from Category Lost status Damaged status Department Withdrawn status bill date Permanent Location Current Location Shelving location Entry date Vendor Grants Currency symbol Conversion rate Discount Discount type
26/01/2024   745.2 GAU;1 R 53197   26/01/2024 Books     Central Library   28/07/2012 Central Library Central Library Central Library 12/03/2009 Publisher DONATED RS 1   Rupees

© For any Suggestions or Query, please contact the library staff @ librarian@pes.edu or Phone: +9180 2672 1983/ 2108.